Missing Word: 'Mother' Movies II Quiz Stats

 Plays Quiz Updated May 13, 2018

Challenge
Share
Tweet
Embed
Score 0/18 Timer 03:00
0 Plays Today
Hint Missing Word % Correct
Mamma ___!Mia
96.2%
Mommie ______Dearest
92.8%
____, Mother of JesusMary
91.2%
Don't Tell Mom the Babysitter's ____Dead
90.9%
Lies My Mother ____ MeTold
88.9%
Throw Momma from the _____Train
87.2%
Big Momma's _____House
84.5%
My Stepmother Is an _____Alien
83.3%
Stop! Or My Mom Will ____Shoot
82.3%
Hint Missing Word % Correct
Mother's ___Day
75.5%
Mom's _____ OutNight
69.2%
___ MomsBad
62.4%
All ____ My MotherAbout
53.7%
Mom and Dad ____ the WorldSave
49%
__. MomMr
48.1%
____ Needs MomsMars
45.6%
The ____ MotherGood
42.6%
____ MamaBaby
39.4%

Today's Daily Dose

Missing Word
Animated TV Series

Word Ladder
Boston

Quick Pick
'H' Literature

On This Day
August 16th II

You're not logged in!

Compare scores with friends on all Sporcle quizzes.
Join for Free
OR
Log In

You Might Also Like...

Show Comments

Extras

Top Quizzes Today


Score Distribution

Your Account Isn't Verified!

In order to create a playlist on Sporcle, you need to verify the email address you used during registration. Go to your Sporcle Settings to finish the process.

Report this User

Report this user for behavior that violates our Community Guidelines.

Details: